| 000 | 00402nam a2200145 4500 | ||
|---|---|---|---|
| 001 | 120079 | ||
| 003 | ES-MaACL | ||
| 007 | t| | ||
| 008 | 070214n19001999fr r ||||1| spa d | ||
| 100 | 1 |
_aPiñeyro, Enrique. _992287 |
|
| 245 | 1 | 3 |
_aEl romanticismo en España / _cpor Enrique Piñeyro. |
| 260 |
_aParis : _bGarnier hermanos, _c[19__?] |
||
| 300 |
_a382 p. ; _c18 x 11 cm. |
||
| 852 |
_aES-MaACL _jB-2701 |
||
| 999 |
_c120079 _d120079 |
||